Statystyki dla Stolice Ameryki Południowej

Kliknij tutaj aby rozwiązać quiz!

Ogólne statystyki

  • Ten quiz został rozwiązany 17 361 razy
    (17 352 od ostatniego zresetowania)
  • Średni wynik to 11 z 16

Statystyki odpowiedzi

PaństwoPopulacjaMiasto% Poprawnych
Brazylia3 039 444Brasilia
92%
Argentyna2 890 151Buenos Aires
90%
Kolumbia7 387 400Bogota
82%
Peru8 258 847Lima
80%
Chile5 428 590Santiago
78%
Urugwaj1 319 108Montevideo
77%
Wenezuela2 003 718Caracas
70%
Ekwador1 978 376Quito
68%
Panama708 738Panama
66%
Gujana235 017Georgetown
61%
Paragwaj680 250Asuncion
59%
Boliwia II351 917Sucre
55%
Boliwia I758 845La Paz
54%
Surinam248 477Paramaribo
48%
Trynidad i Tobago50 464Port of Spain
42%
Gujana Francuska55 023Kajenna
34%

Rozkład punktacji

Percentyl według liczby udzielonych odpowiedzi

Procent ludzi z każdym wynikiem

Twoja historia wyników

Nie rozwiązałeś tego quizu od ostatniego zresetowania